|
|
|
|
| LEADER |
00000nam0a2200000 4500 |
| 001 |
27369 |
| 005 |
20231030202138.0 |
| 010 |
|
|
|a 5931960066
|
| 035 |
|
|
|a (RuTPU)RU\TPU\book\27618
|
| 035 |
|
|
|a BOOK00027693
|
| 090 |
|
|
|a 27369
|
| 100 |
|
|
|a 20011209d2000 km y0rusy50 ca
|
| 101 |
0 |
|
|a rus
|
| 102 |
|
|
|a RU
|
| 105 |
|
|
|a a z 000zy
|
| 200 |
1 |
|
|a Техническое обслуживание релейной защиты и автоматики электростанций и электрических сетей
|h Ч. 2
|i Реле дифференциальных, направленных и фильтровых защит
|f сост. Ф. Д. Кузнецов, А. К. Белотелов
|
| 210 |
|
|
|a Москва
|c НЦ ЭНАС
|d 2000
|
| 215 |
|
|
|a 88 с.
|c ил.
|
| 610 |
1 |
|
|a релейная защита
|
| 610 |
1 |
|
|a автоматика
|
| 610 |
1 |
|
|a дифференциальная защита
|
| 610 |
1 |
|
|a направленные защиты
|
| 610 |
1 |
|
|a фильтровые защиты
|
| 610 |
1 |
|
|a обратная последовательность
|
| 675 |
|
|
|a 621.316.925.1
|v 3
|
| 702 |
|
1 |
|a Кузнецов
|b Ф. Д.
|g Феликс Дмитриевич
|4 220
|
| 702 |
|
1 |
|a Белотелов
|b А. К.
|g Алексей Константинович
|4 220
|
| 801 |
|
0 |
|a RU
|b 63413507
|c 20011209
|g PSBO
|
| 801 |
|
2 |
|a RU
|b 63413507
|c 20100823
|g PSBO
|
| 942 |
|
|
|c BK
|